000 00352 a2200169 4500
001 183287
020 _a85-262-1318-0
040 _cMagnum
100 _aSoares, Paulo Antônio de Toledo
240 1 0 _aCiências
_lpor
245 1 0 _aCiências
300 _a119
362 0 _a1990
440 1 _aScipione
697 _aCIÊNCIAS PURAS
942 _cBK
999 _c183287
_d183287